000 00408nam a22001577a 4500
003 LK-CoDNM
005 20240814125323.0
008 240814b |||||||| |||| 00| 0 eng d
040 _aLK-CoDNM
_dLK-CoDNM
_eLK-CoDNM
080 _a10
_bU25
100 _aHYNDMAN H.M
245 _aThe AWAKENING of ASIA
260 _aLONDON
_bCASSELL AND COMPANY, LTD
_c1919
300 _aVIII, 291P. ; 22 CM
942 _cBK
999 _c147674
_d147674